000 00222nam a22000857a 4500
008 170110b xxu||||| |||| 00| 0 eng d
100 _92302
_aVerma.N.K.etal
245 _aAcademic Science-X CCE
260 _aNew Delhi
_bAmanda
_c2011
999 _c5207
_d5207